000
00231 a2200097 4500
001
55247
100
_a
245
_a
Armed forces of Pakistan
260
_a
Karachi
_b
Oxford University Press n :25317
_c
2002
090
_c
34209
_d
34209
942
_a
NUST-CAE
_c
_c
26902
999
_c
290320
_d
290320